000 00667nam a2200181 a 4500
005 20140412111241.0
008 010425s19uu xx 00 eng d
020 _a0-679-80790-X
050 _aTR(PS E
_bIc2 1990
100 _aHerman, Gail
245 _aIce cream soup /
_cadapted by Gail Herman ; illustrated by R. W. Alley.
260 _aNew York :
_bRandom House,
_c1990.
300 _a1v. (unp.) ; ill.
440 _aRandom House pictureback reader
520 _aSam and Pam take their time bringing home ice cream for the family and find a surprise in the package at the end of their journey.
650 _aIce cream, ices, etc. - Fiction
999 _c102742
_d102742